Statistics for Countries Starting With B

Click here to take the quiz!

General Stats

  • This quiz has been taken 73 times
    (47 since last reset)
  • The average score is 11 of 15

Answer Stats

ContinentAnswer% Correct
South AmericaBolivia
88%
South AmericaBrazil
88%
North AmericaBahamas
83%
EuropeBelgium
80%
AfricaBotswana
80%
EuropeBulgaria
78%
AsiaBangladesh
76%
North AmericaBarbados
73%
North AmericaBelize
73%
AfricaBenin
73%
EuropeBelarus
71%
EuropeBosnia and Herzegovina
68%
AsiaBrunei
68%
AsiaBahrain
66%
AfricaBurundi
66%

Score Distribution

Percentile by Number Answered

Percent of People with Each Score

Your Score History

You have not taken this quiz since the last reset